長崎県の難読地名 30コ - Statistics

General Stats
  • This quiz has been taken 44 times
  • The average score is 7 of 30
Answer Stats
漢字 回答 % Correct
諫早(諫早市) いさはや
90%
早岐(佐世保市) はいき
73%
万(島原市) よろず
71%
千々和(雲仙市) ちぢわ
68%
小値賀(小値賀町) おぢか
63%
現川(長崎市) うつつがわ
59%
時津(時津町) とぎつ
59%
白南風(佐世保市) しらはえ
41%
御手水(島原市・諫早市) おちょうず
41%
厳原町(対馬市) いずはらまち
27%
調川町(松浦市) つきのかわちょう
22%
井上(長崎市) いかみ
12%
出津(長崎市) しつ
12%
崩山町(島原市) くえやままち
10%
真崎破篭井名(諫早市) まさきわりごいみょう
10%
紺屋町(平戸市) こうやまち
10%
豆酘(対馬市) つつ
10%
戸尾町(佐世保市) とのおちょう
7%
栗面町(諫早市) くれもまち
7%
的山大島(平戸市) あづちおおしま
5%
度島(平戸市) たくしま
5%
舟志(対馬市) しゅうし
2%
平人(壱岐市) ひろうと
2%
白魚(新上五島町) しろう
2%
山川(佐世保市) やまご
0%
小路口町(大村市) おろぐちまち
0%
滑栄(松浦市) なべるばえ
0%
母ヶ浦(壱岐市) ほうがうら
0%
相河(新上五島町) あいこ
0%
新谷郷(東彼杵町) しんがえごう
0%
No matching quizzes found
Score Distribution
Percent of People with Each Score
Percentile by Number Answered
Your Score History
You have not taken this quiz